| 000 | 01431 a2200265 4500 | ||
|---|---|---|---|
| 001 | 24236 | ||
| 005 | 20260407155527.0 | ||
| 008 | 260407a2013 arg spa d | ||
| 003 | AR-UNSa-BCEJYS | ||
| 040 |
_aAR-UNSa-BCEJYS _bspa _cAR-UNSa-BCEJYS |
||
| 080 |
_a657:006.3 _xNormas Internacionales de Información Financiera (NIIF) |
||
| 245 | 1 | 0 |
_aAdopción por primera vez de las NIIF _panálisis práctico de la NIIF 1 |
| 020 | _a978-987-716-003-1 | ||
| 250 | _a2a. ed | ||
| 264 | 1 |
_aBuenos Aires : _bOsmar D. Buyatti _c2013 |
|
| 300 |
_a262 p. _c22 cm. |
||
| 505 | _a1. La norma internacional de información financiera 1(NIIF1)una visión general - 2. Consideraciones sobre el uso de estimaciones en la adopción de las NIIF por primera vez - 3. Excepciones obligatorias a la aplicación retroactiva de ciertas NIIF - 4.Exenciones voluntarias referidas a los activos de largo plazo - 5. Otras exenciones voluntarias - 6. El problema de la adopción de las NIIF en grupos económicos - 7. La administración d los ajustes de transición a las NIIF - 8. Revelaciones requeridaspara los primeros estados financieros de acuerdo. | ||
| 041 | _aspa | ||
| 942 | _cBK | ||
| 590 | _aniveau_biblio:m niveau_hierar:0 | ||
| 100 | 1 | _aCasinelli, Hernán Pablo | |
| 650 | _aNIIF | ||
| 856 | 4 | 1 |
_uhttps://biblioeco.unsa.edu.ar/pmb/images/libros/Adopci?n por primera vez de las NIIF.jpg _yImagen de portada _qimage/jpeg |
| 650 | _a niif | ||
| 999 |
_c1167 _d1167 |
||